Top 20 biggest cities in Baden-Wurttemberg - Statistics

General Stats
  • This quiz has been taken 64 times
  • The average score is 14 of 20
Answer Stats
Answer Population % Correct
Stuttgart 626,275
100%
Freiburg im Breisgau 231,848
98%
Mannheim 311,831
98%
Karlsruhe 306,502
92%
Heidelberg 159,245
91%
Ulm 126,949
91%
Konstanz 84,736
89%
Heilbronn 125,613
83%
Pforzheim 125,529
79%
Ludwigsburg 93,117
77%
Reutlingen 116,456
70%
Tübingen 91,877
70%
Esslingen am Neckar 92,640
68%
Villingen-Schwenningen 86,475
66%
Offenburg 60,857
58%
Schwäbisch Gmünd 61,333
51%
Friedrichshafen 61,561
49%
Aalen 68,351
40%
Göppingen 58,061
30%
Sindelfingen 64,151
30%
No matching quizzes found
Score Distribution
Percent of People with Each Score
Percentile by Number Answered
Your Score History
You have not taken this quiz